MARC details
| 001 - CONTROL NUMBER |
| control field |
21507353 |
| 003 - CONTROL NUMBER IDENTIFIER |
| control field |
00000 |
| 005 - DATE AND TIME OF LATEST TRANSACTION |
| control field |
20260312112946.0 |
| 008 - FIXED-LENGTH DATA ELEMENTS--GENERAL INFORMATION |
| fixed length control field |
200417s2020 njua b 001 0 eng |
| 010 ## - LIBRARY OF CONGRESS CONTROL NUMBER |
| LC control number |
2020017960 |
| 020 ## - INTERNATIONAL STANDARD BOOK NUMBER |
| International Standard Book Number |
9781119576488 |
| 035 ## - SYSTEM CONTROL NUMBER |
| System control number |
21507353 |
| 040 ## - CATALOGING SOURCE |
| Original cataloging agency |
DNLM/DLC |
| Language of cataloging |
eng |
| Description conventions |
rda |
| Transcribing agency |
DLC |
| Modifying agency |
DLC |
| 042 ## - AUTHENTICATION CODE |
| Authentication code |
pcc |
| 050 00 - LIBRARY OF CONGRESS CALL NUMBER |
| Classification number |
QP 34.5 .F86 |
| 082 00 - DEWEY DECIMAL CLASSIFICATION NUMBER |
| Classification number |
612 |
| Edition number |
23 |
| 100 ## - MAIN ENTRY--PERSONAL NAME |
| Personal name |
Edited by Ian Peate |
| 245 00 - TITLE STATEMENT |
| Title |
Fundamentals of anatomy and physiology for nursing and healthcare students / |
| Statement of responsibility, etc |
edited by Ian Peate, Suzanne Evans. |
| 250 ## - EDITION STATEMENT |
| Edition statement |
3rd. ed. |
| 264 #1 - PUBLICATION, DISTRIBUTION, ETC. (IMPRINT) |
| Place of publication, distribution, etc |
Hoboken, NJ : |
| Name of publisher, distributor, etc |
Wiley-Blackwell, |
| Date of publication, distribution, etc |
2020. |
| 300 ## - PHYSICAL DESCRIPTION |
| Extent |
xii, 545 pages : |
| Other physical details |
illustrations (some color) ; |
| Dimensions |
26 cm |
| 336 ## - CONTENT TYPE |
| Content type term |
text |
| Content type code |
txt |
| Source |
rdacontent |
| 337 ## - MEDIA TYPE |
| Media type term |
unmediated |
| Media type code |
n |
| Source |
rdamedia |
| 338 ## - CARRIER TYPE |
| Carrier type term |
volume |
| Carrier type code |
nc |
| Source |
rdacarrier |
| 504 ## - BIBLIOGRAPHY, ETC. NOTE |
| Bibliography, etc |
Includes bibliographical references and index. |
| 520 ## - SUMMARY, ETC. |
| Summary, etc |
"The third edition of Fundamentals of Anatomy and Physiology is a concise yet comprehensive introduction to the structure and function of the human body. Written with the needs of nursing and healthcare students in mind, this bestselling textbook incorporates clinical examples and scenarios throughout to illustrate how the topics covered are applied in daily practice. Hundreds of full-colour illustrations complement numerous case studies encompassing all fields of nursing practice, alongside learning outcomes, self-assessment tests, chapter summaries, and other effective learning tools"-- |
| Assigning source |
Provided by publisher. |
| 650 12 - SUBJECT ADDED ENTRY--TOPICAL TERM |
| Topical term or geographic name as entry element |
Anatomy |
| 650 22 - SUBJECT ADDED ENTRY--TOPICAL TERM |
| Topical term or geographic name as entry element |
Physiological Phenomena |
| 700 1# - ADDED ENTRY--PERSONAL NAME |
| Personal name |
Peate, Ian, |
| Relator term |
editor. |
| 700 1# - ADDED ENTRY--PERSONAL NAME |
| Personal name |
Evans, Suzanne, |
| Relator term |
editor. |
| 776 08 - ADDITIONAL PHYSICAL FORM ENTRY |
| Relationship information |
Online version: |
| Title |
Fundamentals of anatomy and physiology for nursing and healthcare students |
| Edition |
Third edition. |
| Place, publisher, and date of publication |
Hoboken, NJ : Wiley-Blackwell, 2020. |
| International Standard Book Number |
9781119576495 |
| Record control number |
(DLC) 2020017961 |
| 906 ## - LOCAL DATA ELEMENT F, LDF (RLIN) |
| a |
7 |
| b |
cbc |
| c |
orignew |
| d |
1 |
| e |
ecip |
| f |
20 |
| g |
y-gencatlg |
| 942 ## - ADDED ENTRY ELEMENTS (KOHA) |
| Source of classification or shelving scheme |
Library of Congress Classification |
| Koha item type |
Books |